| 000 | 00426nam a2200169Ia 4500 | ||
|---|---|---|---|
| 008 | 230524s9999 xx 000 0 und d | ||
| 020 | _a8177000004 | ||
| 082 |
_a621.382 _bCHA |
||
| 100 | _aA.Chakrabarti | ||
| 245 | 0 | _aCircuit Theory (Analysis and Synthesis) | |
| 250 | _a4TH | ||
| 260 |
_aNEW DELHI _bDhanpat Rai _c2005 |
||
| 300 | _aXVI;1613+XVI | ||
| 500 | _aQuantity Number: 178 | ||
| 650 | _aElectrical | ||
| 942 | _cBK | ||
| 999 |
_c4857 _d4857 |
||